Detalles MARC
| 000 -LIDER |
| fixed length control field |
01113nam a22002897a 4500 |
| 003 - IDENTIFICACDOR DE NÚMERO DE CONTROL |
| control field |
DO-SdBNP |
| 005 - DATE AND TIME OF LATEST TRANSACTION |
| control field |
20220324093328.0 |
| 008 - ELEMENTOS DE LONGITUD FIJA |
| fixed length control field |
171123b1989 sp a ||||| |||| 00| 0 spa d |
| 020 ## - ISBN |
| International Standard Book Number |
8450585708 |
| 040 ## - FUENTE DE CATALOGACIÓN |
| Agencia que crea de manera original el registro |
BPMSU |
| Idioma de catalogación |
spa |
| Agencia que realiza la transcripción |
BPMSU |
| 082 ## - NÚMERO DE CLASIFICACIÓN DECIMAL DE DEWEY |
| Classification number |
759.6 |
| Item number |
C139G 1989 |
| Edition number |
22 |
| 110 2# - ASIENTO PRINCIPAL--NOMBRE CORPORATIVO |
| Nombre corporativo o de jurisdicción |
Casa del Monte : |
| Lugar de la reunión |
(Madrid) |
| 245 10 - MENCIÓN DE TITULO |
| Título |
Gerardo Rueda : |
| Subtítulo |
exposición retrospectiva, 1944-1989 =Retrospective exhibition |
| Mención de responsabilidad |
|
| 260 ## - PUBLICACIÓN, DISTRIBUCIÓN, ETC. (PIE DE IMPRENTA) |
| Lugar de publicación, distribución, etc |
Madrid : |
| Nombre del editor, distribuidor, etc. |
Caja de Madrid, |
| Fecha de publicación, distribución, etc |
1989. |
| 300 ## - DESCRIPCIÓN FÍSICA |
| Extensión |
406 p. : |
| Otros detalles físicos |
il., retrs. ; |
| Dimensiones |
25 cm. |
| 500 ## - NOTA GENERAL |
| Nota general |
Texto bilingüe español-inglés. |
| 500 ## - NOTA GENERAL |
| Nota general |
"Con motivo del sesquicentenario de la Caja de Madrid" |
| 500 ## - NOTA GENERAL |
| Nota general |
Exposición realizada de mayo 11 a junio 30 de 1989. |
| 504 ## - NOTA DE BIBLIOGRAFÍA, ETC. |
| Bibliography, etc |
Bibliografía: p. 351-356 |
| 590 ## - NOTA LOCAL |
| Enlace |
Inventariado, 2022/VM |
| 600 14 - ENCABEZAMIENTO DE MATERIA--NOMBRE PERSONAL |
| Nombre personal |
Rueda, Gerardo, |
| Fechas asociadas con el nombre |
1926-1996 |
| Subdivisión temática general |
Trabajos pictóricos |
| Subdivisión de forma |
Exposiciones |
| -- |
Catálogos. |
| 650 #4 - ENCABEZAMIENTO DE MATERIA--TEMÁTICO |
| Término temático o nombre geográfico como elemento de entrada |
Pintores españoles |
| Subdivisión de forma |
Exposiciones |
| -- |
Catálogos |
| Subdivisión temática general |
|
| 650 #4 - ENCABEZAMIENTO DE MATERIA--TEMÁTICO |
| Término temático o nombre geográfico como elemento de entrada |
Pintura española |
| Subdivisión de forma |
Exposiciones |
| -- |
Catálogos. |
| 740 02 - ASIENTO SECUNDARIO DE TÍTULOS RELACIONADOS O ANALÍTICOS NO CONTROLADOS |
| Título analítico o relacionado no controlado |
Gerardo Rueda : 1944-1989 Restrospective exhibition. |
| 910 ## - VALIDACIÓN |
| Validación |
VMateo V. |
| 942 ## - ADDED ENTRY ELEMENTS (KOHA) |
| Source of classification or shelving scheme |
Dewey Decimal Classification |
| Koha item type |
Libros |